zpět

Detail výsledku týmu

R.A.M., Jablonec nad Nisou

Datum a čas kvízu

31 Celkem bodů Celkový počet nahraných bodů na tomto kvízu bez doplňovacích otázek.
14. Pořadí na kvízu Konečné umístění týmu na tomto kvízu.

Zaznamenané odpovědi

# Otázka Odpověď Body Výsledky
1. Modeláři z 15 zemí Evropy a As... lodní 1
2. Jeden z nejslavnějších stromů... javor 0
3. Který 32letý britský zpěvák a... Ed Sheeran 1
4. Kolik procent hlasů získal vít... 23 % 1
5. Minulý týden přišel italský ho... Annapurna 0
6. Jak se jmenuje vysokohorské je... Titicaca 1
7. Ve které evropské zemi můžeme... v Itálii 1
8. Balchašské jezero, které leží... B 0
9. Téma o jezerech se samozřejmě... Huronské jezero 1
10. Černé a Čertovo jezero na Šuma... o Severní a Černé moře 0.5